Statistieken voor Sociale en Economische Geografie - Hoofdsteden

Klik hier om de quiz te nemen!

Algemene statistieken

  • Deze quiz is 109 keer genomen
  • De gemiddelde score is 145 van 239

Antwoordstatistieken

HintAntwoord% Correct
AlgerijeAlgiers
95%
DuitslandBerlijn
86%
BelgiëBrussel
86%
NederlandAmsterdam
84%
EgypteCaïro
84%
FinlandHelsinki
84%
DenemarkenKopenhagen
84%
NoorwegenOslo
84%
FrankrijkParijs
84%
OostenrijkWenen
84%
TurkijeAnkara
81%
GriekenlandAthene
81%
Congo-BrazzavilleBrazzaville
81%
Congo-KinshasaKinshasa
81%
PortugalLissabon
81%
LuxemburgLuxemburg
81%
MonacoMonaco
81%
RuslandMoskou
81%
MarokkoRabat
81%
ItaliëRome
81%
San MarinoSan Marino
81%
BulgarijeSofia
81%
TunesiëTunis
81%
PolenWarschau
81%
ThailandBangkok
78%
RoemeniëBoekarest
78%
IerlandDublin
78%
PakistanIslamabad
78%
IsraëlJeruzalem
78%
NepalKathmandu
78%
OekraïneKiev
78%
Verenigd KoninkrijkLonden
78%
AngolaLuanda
78%
SpanjeMadrid
78%
MexicoMexico City
78%
KeniaNairobi
78%
CyprusNikosia
78%
PanamaPanama City
78%
LetlandRiga
78%
JapanTokyo
78%
LibiëTripoli
78%
VaticaanstadVaticaanstad
78%
LitouwenVilnius
78%
NamibiëWindhoek
78%
KroatiëZagreb
78%
EthiopiëAddis Abeba
76%
MadagaskarAntananarivo
76%
IrakBaghdad
76%
ChinaBeijing
76%
ZwitserlandBern
76%
Guinee-BissauBissau
76%
HongarijeBoedapest
76%
SenegalDakar
76%
SyriëDamascus
76%
DjiboutiDjibouti
76%
VietnamHanoi
76%
AfghanistanKabul
76%
IndiaNew Delhi
76%
TsjechiëPraag
76%
IJslandReykjavík
76%
Saoedi-ArabiëRiyadh
76%
São Tomé en PrincipeSão Tomé
76%
Zuid-KoreaSeoul
76%
SingaporeSingapore
76%
ZwedenStockholm
76%
IranTeheran
76%
AlbaniëTirana
76%
MaliBamako
73%
MoldaviëChișinău
73%
QatarDoha
73%
GuatemalaGuatemala City
73%
CubaHavana
73%
IndonesiëJakarta
73%
JamaicaKingston
73%
SloveniëLjubljana
73%
FilipijnenManilla
73%
OmanMasqat
73%
Wit-RuslandMinsk
73%
CanadaOttawa
73%
HaïtiPort-au-Prince
73%
Noord-KoreaPyongyang
73%
El SalvadorSan Salvador
73%
Bosnië en HercegovinaSarajevo
73%
MacedoniëSkopje
73%
TaiwanTaipei
73%
LaosVientiane
73%
ArmeniëYerevan
73%
GhanaAccra
70%
JordaniëAmman
70%
ServiëBelgrado
70%
BraziliëBrasilia
70%
SlowakijeBratislava
70%
MaleisiëKuala Lumpur
70%
NigerNiamey
70%
KaapverdiëPraia
70%
KosovoPristina
70%
JemenSana'a
70%
GeorgiëTbilisi
70%
MongoliëUlaanbaatar
70%
LiechtensteinVaduz
70%
MaltaValletta
70%
AzerbeidzjanBaku
68%
LibanonBeirut
68%
BelizeBelmopan
68%
ColombiaBogotá
68%
Oost-TimorDili
68%
OegandaKampala
68%
SoedanKhartoum
68%
KoeweitKoeweit
68%
MalawiLilongwe
68%
MauritaniëNouakchott
68%
MontenegroPodgorica
68%
Zuid-AfrikaPretoria
68%
EstlandTallinn
68%
HondurasTegucigalpa
68%
NigeriaAbuja
65%
EritreaAsmara
65%
Centraal-Afrikaanse RepubliekBangui
65%
ArgentiniëBuenos Aires
65%
BangladeshDhaka
65%
Hong Kong (ZH)Hong Kong
65%
GabonLibreville
65%
MaldivenMalé
65%
SomaliëMogadishu
65%
Bahama'sNassau
65%
Costa RicaSan José
65%
ChiliSantiago
65%
SeychellenVictoria
65%
KazachstanAstana
62%
AustraliëCanberra
62%
Gibraltar (VK)Gibraltar
62%
ZimbabweHarare
62%
BoliviaLa Paz
62%
NicaraguaManagua
62%
LiberiaMonrovia
62%
UruguayMontevideo
62%
MyanmarNaypyidaw
62%
TsjaadN'djamena
62%
Burkina FasoOuagadougou
62%
BeninPorto-Novo
62%
Dominicaanse RepubliekSanto Domingo
62%
AndorraAndorra la Vella
59%
TurkmenistanAshgabat
59%
BarbadosBridgetown
59%
VenezuelaCaracas
59%
TanzaniaDodoma
59%
TajikistanDushanbe
59%
Sierra LeoneFreetown
59%
RwandaKigali
59%
PeruLima
59%
TogoLomé
59%
MozambiqueMaputo
59%
MauritiusPort-Louis
59%
EcuadorQuito
59%
IvoorkustYamoussoukro
59%
Verenigde Arabische EmiratenAbu Dhabi
57%
ParaguayAsunción
57%
GambiaBanjul
57%
BotswanaGaborone
57%
BahreinManamah
57%
SwazilandMbabane
57%
ComorenMoroni
57%
Groenland (DA)Nuuk
57%
SurinameParamaribo
57%
CambodjaPhnom Penh
57%
DominicaRoseau
57%
Antigua en BarbudaSaint John's
57%
Curação (NL)Willemstad
57%
Saint-Kitts en NevisBasseterre
54%
Macau (ZH)Macau
54%
Papua-Nieuw-GuineaPort Moresby
54%
GrenadaSaint George's
54%
BhutanThimphu
54%
KameroenYaoundé
54%
KirgiziëBishkek
51%
Saint-LuciaCastries
51%
GuineeConakry
51%
GuyanaGeorgetown
51%
LesothoMaseru
51%
Trinidad en TobagoPort of Spain
51%
BoliviaSucre
51%
FijiSuva
51%
Verenigde StatenWashington, D.C.
51%
Nieuw-ZeelandWellington
51%
BurundiBujumbura
49%
TuvaluFunafuti
49%
Equatoriaal-GuineaMalabo
49%
Sri Lanka(Sri Jayewardenapura) Kotte
49%
Aruba (NL)Oranjestad
46%
VanuatuPort Vila
46%
OezbekistanTashkent
46%
ZambiaLusaka
43%
MicronesiaPalikir
43%
KiribatiSouth Tarawa
43%
MarshalleilandenMajuro
41%
PalauNgerulmud
41%
TongaNuku'alofa
41%
Réunion (Fr.)Saint-Denis
41%
Puerto Rico (VS)San Juan
41%
Nauru(Yaren)
41%
BruneiBandar Seri Begawan
38%
SolomoneilandenHoniara
38%
Saint-Vincent en de GrenadinesKingstown
38%
SamoaApia
35%
Isle of Man (VK)Douglas
35%
Westelijke SaharaEl-Aayoun
35%
Mayotte (Fr.)Mamoudzou
35%
Færøer-eilanden (DA)Tórshavn
35%
Guadeloupe (Fr.)Basse-terre
32%
Frans-Guyana (Fr.)Cayenne
32%
Amerikaanse Maagdeneilanden (VS)Charlotte Amalie
32%
Turks- & Caicos-eilanden (VK)Cockburn Town
32%
Martinique (Fr.)Fort-de-France
32%
Bermuda (VK)Hamilton
32%
Sint-Helena (VK)Jamestown
32%
Britse Maagdeneilanden (VK)Road Town
32%
Kanaaleilanden (VK)Saint Helier
32%
Anguilla (VK)The Valley
32%
Sint-Maarten (NL)Philipsburg
30%
PalestinaRamallah
30%
Kaaimaneilanden (VK)George Town
27%
Saint-Barthélémy (Fr.)Gustavia
27%
Saint-Martin (Fr.)Marigot
27%
Frans-Polynesië (Fr.)Papeete
27%
Montserrat (VK)Plymouth
27%
Christmas Islands (AU)Flying Fish Cove
24%
Guam (VS)Hagåtña
24%
Wallis & Futuna (Fr.)Matāʻutu
24%
Falklandeilanden (VK)Stanley
24%
Niue (NZ)Alofi
22%
Nieuw-Caledonië (Fr.)Nouméa
22%
Amerikaans Samoa (VS)Pago Pago
22%
Saint-Pierre et Miquelon (Fr.)Saint-Pierre
22%
Cook Islands (NZ)Avarua
19%
Noordelijke Marianen (VS)Saipan
19%
Cocos Islands (AU)West Island
19%
Pitcairn Islands (VK)Adamstown
16%
Norfolk Islands (AU)Kingston
14%
Tokelau (NZ)(Fakaofo)
5%

Scoreverdeling

Percentiel versus Aantal Correcte Antwoorden

Procent van Mensen met Elke Score

Uw Scoregeschiedenis

U heeft deze quiz nog niet genomen